Gemeinschaft der Heiligen : (Record n. 1529)
[ formato base ]
| 000 -LEADER | |
|---|---|
| fixed length control field | 00815nam a2200253 i 4500 |
| 003 - CONTROL NUMBER IDENTIFIER | |
| control field | IT-RoINE |
| 005 - DATE AND TIME OF LATEST TRANSACTION | |
| control field | 20190218100002.0 |
| 008 - FIXED-LENGTH DATA ELEMENTS--GENERAL INFORMATION | |
| fixed length control field | 030526s1988 gw |||||r |001|| ger d |
| 020 ## - INTERNATIONAL STANDARD BOOK NUMBER | |
| International Standard Book Number | 3491776910 |
| 040 ## - CATALOGING SOURCE | |
| Original cataloging agency | UPSA |
| Transcribing agency | IT-RoINE |
| Modifying agency | IT-RoINE |
| 100 1# - MAIN ENTRY--PERSONAL NAME | |
| Personal name | Garijo-Guembe, Miguel María, |
| 9 (RLIN) | 2804 |
| Dates associated with a name | 1935-1996 |
| 245 10 - TITLE STATEMENT | |
| Title | Gemeinschaft der Heiligen : |
| Remainder of title | Grund, Wesen und Struktur der Kirche / |
| Statement of responsibility, etc | Miguel María Garijo-Guembe. |
| 260 ## - PUBLICATION, DISTRIBUTION, ETC. (IMPRINT) | |
| Place of publication, distribution, etc | Düsseldorf : |
| Name of publisher, distributor, etc | Patmos Verlag, |
| Date of publication, distribution, etc | 1988. |
| 300 ## - PHYSICAL DESCRIPTION | |
| Extent | 309 p. ; |
| Dimensions | 21 cm. |
| 336 ## - CONTENT TYPE | |
| Source | rdacontent |
| Content type term | text |
| 337 ## - MEDIA TYPE | |
| Source | rdamedia |
| Media type term | unmediated |
| 338 ## - CARRIER TYPE | |
| Source | rdacarrier |
| Carrier type term | volume |
| 500 ## - GENERAL NOTE | |
| General note | Incluye índices. |
| 504 ## - BIBLIOGRAPHY, ETC. NOTE | |
| Bibliography, etc | Incluye bibliografía. |
| 650 #4 - SUBJECT ADDED ENTRY--TOPICAL TERM | |
| 9 (RLIN) | 3258 |
| Topical term or geographic name as entry element | Eclesiología |
| 650 #4 - SUBJECT ADDED ENTRY--TOPICAL TERM | |
| 9 (RLIN) | 4358 |
| Topical term or geographic name as entry element | Comunión de los santos |
| 650 #4 - SUBJECT ADDED ENTRY--TOPICAL TERM | |
| 9 (RLIN) | 2086 |
| Topical term or geographic name as entry element | Cuerpo Místico de Cristo |
| 942 ## - ADDED ENTRY ELEMENTS (KOHA) | |
| Item type | Monografías |
| Withdrawn status | Lost status | Damaged status | Not for loan | Home library | Current library | Date acquired | Inventory number | Total Checkouts | Full call number | Barcode | Date last seen | Price effective from | Koha item type | Public note |
|---|---|---|---|---|---|---|---|---|---|---|---|---|---|---|
| Iglesia Nacional Española en Roma | Iglesia Nacional Española en Roma | 15/01/2014 | 88128 | TEO 287 | 1757 | 15/01/2014 | 15/01/2014 | Monografías | Dedica autógrafa del autor. | |||||
| Iglesia Nacional Española en Roma | Iglesia Nacional Española en Roma | 18/02/2019 | NOVALÍN 1636 | NOV-1788 | 18/02/2019 | 18/02/2019 | Monografías | Dedicatoria autógrfa del A. a monseñor Navalín |